| 000 | 00719cab a2200229 4500 | ||
|---|---|---|---|
| 001 | WB2828-09 | ||
| 008 | 090401t1992 xxu||||| |||| 00| 0 eng d | ||
| 035 | _a(Sirsi) u59658 | ||
| 041 | _aeng | ||
| 245 | _aGlass fibre passes cancer tests | ||
| 260 | _c1992 | ||
| 350 | _a0 | ||
| 490 |
_aBuilding _v257(7754) 17 July 1992, 12(1) |
||
| 520 | _aUSA based glass fibre manufacturer Schuller has released research findings which it believes refute claims that glass-fibre causes lung cancer in humans. | ||
| 650 | _aGLASS FIBRE | ||
| 650 | _aHEALTH HAZARDS | ||
| 650 | _aLUNG CANCER | ||
| 650 | _aMAN-MADE MINERAL FIBRES | ||
| 690 | _aBUILT ENVIRONMENT-BUILDING MATERIALS | ||
| 942 | _n0 | ||
| 948 | _c04/03/1997 | ||
| 999 |
_c36634 _d36634 |
||